Periodica Academica

Guardado en:
Detalles Bibliográficos
Formato: Seriadas
Lenguaje:checo
Publicado: Brno Vysoká škola Karla Engliše 2012
Etiquetas: Agregar Etiqueta
Sin Etiquetas, Sea el primero en etiquetar este registro!

MARC

LEADER 00000nas2a2200000 4500
001 0168009
005 20171220132709.7
022 |a 1802-2626 
041 0 |a cze 
044 |a CZ 
245 1 0 |a Periodica Academica 
264 1 |a Brno  |b Vysoká škola Karla Engliše  |c 2012 
773 0 |w eu_un_cat*0167733 
774 0 |w eu_un_cat*0228316